| 000 | 00551nam a22001937a 4500 | ||
|---|---|---|---|
| 005 | 20221229013225.0 | ||
| 008 | 221229b |||||||| |||| 00| 0 eng d | ||
| 020 | _a0-553-17352-9 | ||
| 082 | _aFic. B378 1987 | ||
| 100 |
_aBeauman, Sally _eauthor |
||
| 245 |
_aDestiny / _cSally Beauman |
||
| 260 |
_aToronto: _bBantam Books, _cc1987. |
||
| 300 | _a960p. | ||
| 541 | _e5470 | ||
| 650 | _aMan-woman relationships - Fiction | ||
| 650 | _aFate and fatalism - Fiction | ||
| 650 | _aLife change events - Fiction | ||
| 650 | _aParis (France) - Fiction | ||
| 999 |
_c466 _d466 |
||